ARRUPE JESUIT UNIVERSITY

CORONAVIRUS -STOP THE SPREAD - CLEAN,DISINFECT,COVER

The economic challenge: (Record no. 122155)

MARC details
000 -LEADER
fixed length control field 00476nam a22001337a 4500
008 - FIXED-LENGTH DATA ELEMENTS--GENERAL INFORMATION
fixed length control field 150219b xxu||||| |||| 00| 0 eng d
050 ## - LIBRARY OF CONGRESS CALL NUMBER
Classification number DT448.33N91
100 ## - MAIN ENTRY--PERSONAL NAME
Personal name Nyerere, Julius K.
9 (RLIN) 15446
245 ## - TITLE STATEMENT
Title The economic challenge:
Remainder of title dialogue or confrontation by President Julius K. Nyerere
Statement of responsibility, etc Julius K. nyerere
260 ## - PUBLICATION, DISTRIBUTION, ETC. (IMPRINT)
Place of publication, distribution, etc London
Name of publisher, distributor, etc Catholic institute for international relations
Date of publication, distribution, etc 1975
300 ## - PHYSICAL DESCRIPTION
Extent 6p.
Dimensions 14cm.
650 ## - SUBJECT ADDED ENTRY--TOPICAL TERM
Topical term or geographic name as entry element Tanzania
General subdivision Politics
9 (RLIN) 13430
942 ## - ADDED ENTRY ELEMENTS (KOHA)
Source of classification or shelving scheme Library of Congress Classification
Item type Monograph ( Printed materials)
Holdings
Withdrawn status Lost status Source of classification or shelving scheme Damaged status Not for loan Collection code Home library Current library Shelving location Date acquired Total Checkouts Full call number Barcode Date last seen Date last borrowed Price effective from Koha item type
    Library of Congress Classification     Main Collection ARRUPE LIBRARY ARRUPE LIBRARY Main Collection 19/02/2015 1 DT448.33N91 46500002864 10/05/2022 11/11/2021 19/02/2015 Monograph ( Printed materials)

 

Arrupe Library. PO Box MP320 Mt Pleasant, Harare, Zimbabwe
263 242 745411|librarian@aju.ac.zw